Normal view
MARC view
- DIGITAL NETWORKS
Entry Topical Term
001 - CONTROL NUMBER
- control field: 63447
003 - CONTROL NUMBER IDENTIFIER
- control field: NUST
005 - DATE AND TIME OF LATEST TRANSACTION
- control field: 20210628203124.0
008 - FIXED-LENGTH DATA ELEMENTS
- fixed length control field: 210628|| aca||aabn | a|a d
040 ## - CATALOGING SOURCE
- Original cataloging agency: NUST
- Transcribing agency: NUST
150 ## - HEADING--TOPICAL TERM
- Topical term or geographic name entry element: DIGITAL NETWORKS
670 ## - SOURCE DATA FOUND
- Source citation: Work cat.: (NUST): Kiefer, Roland 63446, Test solutions for digital networks, basic principles and measurementtechniques for pdh, sdh, isdn and atm, 1997
